000 00921nam a2200217 a 4500
001 091686
003 BD-ChCU
008 Ben
020 _a
040 _aDLC
_cDLC
_dBD-ChCU
082 0 0 _a১৮১.৪/সেন৬৯ভা
100 1 _aসেন, দেবব্রত
_b-
245 1 0 _aভারতীয় দর্শন
_bচার্বাক দর্শন, বৌদ্ধদর্শন, মীমাংসা দর্শন, অদ্বৈতবেদান্ত দর্শন; বিবিষ্টাঃ দ্বৈতবেদান্ত দর্শন
250 _a***
260 _aকলিকাতা
_bপশ্চিম বঙ্গ রাজ্য পুস্তক পর্ষদ
_c১৯৯১
300 _a**
504 _a- Biblio-
650 0 _aর্দশন, ভারতীয়
_bর্দশন, ভারতীয়
700 1 _a-
942 _2ddc
_cBK
999 _c91686
_d91686